000 00513nam a2200193Ia 4500
003 GCL
008 140319s9999 xx 000 0 eng d
040 _aGCL /
_cGCL
082 0 4 _a305.2
_bW H
100 1 _aCLARK J. R.
245 1 0 _aHISTORY OF THE PRIMATES AN INTRODUCTION TO THE STUDY OF FOSSIL MAN /
_cCLARK J. R.
700 1 _aWILERID LE GROS
260 _a[S.N] :
_bTREASURE PREN ،
_c1960
300 _a119 P
650 0 4 _aANIMAL
650 0 4 _aANIMALS
650 0 4 _aNATURAL HISTORY
942 _2ddc
_cBK
999 _c10797
_d10797